[Event "MONTCADA"]
[Site "?"]
[Date "2015.06.30"]
[Round "6.9"]
[White "Grigoryan, K."]
[Black "Olivares Canelles, F."]
[Result "1-0"]
[BlackElo "2270"]
[WhiteElo "2590"]
[LiveChessVersion "1.4.6"]

1. d4 {[%clk 1:07:09]} Nf6 {[%clk 1:30:53]} 2. c4 {[%clk 1:07:34]} e6
{[%clk 1:31:18]} 3. Nc3 {[%clk 1:06:36]} Bb4 {[%clk 1:31:36]} 4. f3
{[%clk 1:07:03]} d5 {[%clk 1:28:59]} 5. a3 {[%clk 1:07:17]} Bd6 {[%clk 1:28:09]}
6. e4 {[%clk 1:04:45]} dxe4 {[%clk 1:28:31]} 7. fxe4 {[%clk 1:05:11]} e5
{[%clk 1:28:54]} 8. d5 {[%clk 1:05:37]} Bc5 {[%clk 1:28:17]} 9. Nf3
{[%clk 1:03:21]} Bg4 {[%clk 1:26:57]} 10. h3 {[%clk 1:01:42]} Bh5
{[%clk 1:24:35]} 11. g4 {[%clk 0:53:38]} Bg6 {[%clk 1:24:57]} 12. b4
{[%clk 0:53:58]} Be7 {[%clk 1:19:45]} 13. Bd3 {[%clk 0:53:30]} a5
{[%clk 1:10:04]} 14. Rb1 {[%clk 0:53:23]} axb4 {[%clk 1:10:25]} 15. axb4
{[%clk 0:53:49]} Nfd7 {[%clk 1:06:37]} 16. c5 {[%clk 0:52:05]} h5
{[%clk 0:58:31]} 17. Ke2 {[%clk 0:51:23]} Na6 {[%clk 0:52:13]} 18. Be3
{[%clk 0:49:46]} O-O {[%clk 0:50:33]} 19. Qb3 {[%clk 0:46:30]} Qc8
{[%clk 0:39:38]} 20. g5 {[%clk 0:45:39]} c6 {[%clk 0:38:12]} 21. d6
{[%clk 0:45:42]} Bd8 {[%clk 0:38:13]} 22. Nh4 {[%clk 0:45:37]} Kh7
{[%clk 0:38:27]} 23. Nxg6 {[%clk 0:45:33]} fxg6 {[%clk 0:35:50]} 24. Ra1
{[%clk 0:41:47]} b6 {[%clk 0:29:29]} 25. Qc4 {[%clk 0:40:25]} Ndb8
{[%clk 0:27:01]} 26. Rhf1 {[%clk 0:36:58]} Rxf1 {[%clk 0:20:41]} 27. Rxf1
{[%clk 0:37:23]} Nd7 {[%clk 0:21:06]} 28. Ra1 {[%clk 0:30:56]} b5
{[%clk 0:08:19]} 29. Nxb5 {[%clk 0:30:12]} cxb5 {[%clk 0:08:44]} 30. Qxb5
{[%clk 0:30:31]} Ndxc5 {[%clk 0:05:00]} 31. bxc5 {[%clk 0:28:47]} Rb8
{[%clk 0:04:56]} 32. d7 {[%clk 0:28:39]} Qc7 {[%clk 0:05:22]} 33. Qxa6
{[%clk 0:28:39]} Rb2+ {[%clk 0:05:44]} 34. Bd2 {[%clk 0:27:31]} Qxd7
{[%clk 0:02:03]} 35. Rb1 {[%clk 0:26:41]} Rxb1 {[%clk 0:02:07]} 36. Bxb1
{[%clk 0:27:06]} Qxh3 {[%clk 0:02:27]} 37. Qd3 {[%clk 0:26:24]} Qg2+
{[%clk 0:02:52]} 38. Kd1 {[%clk 0:26:41]} Qg1+ {[%clk 0:03:10]} 39. Kc2
{[%clk 0:26:44]} Qxc5+ {[%clk 0:03:33]} 40. Qc3 {[%clk 0:27:08]} Qxc3+
{[%clk 0:02:26]} 41. Kxc3 {[%clk 0:27:03]} Ba5+ {[%clk 0:02:34]} 42. Kd3
{[%clk 0:26:48]} h4 {[%clk 0:02:59]} 43. Be3 {[%clk 0:26:38]} Be1
{[%clk 0:03:13]} 44. Ke2 {[%clk 0:26:28]} h3 {[%clk 0:03:36]} 45. Kf3
{[%clk 0:24:36]} Kg8 {[%clk 0:00:38]} 46. Ba2+ {[%clk 0:24:31]} Kf8
{[%clk 0:00:47]} 47. Be6 {[%clk 0:24:57]} h2 {[%clk 0:01:09]} 48. Kg2
{[%clk 0:25:24]} Bg3 {[%clk 0:00:51]} 49. Bg4 {[%clk 0:25:36]} 1-0

[Event "MONTCADA"]
[Site "?"]
[Date "2015.06.30"]
[Round "6.10"]
[White "Sharma, D."]
[Black "Lalic, B."]
[Result "1/2-1/2"]
[BlackElo "2483"]
[WhiteElo "2362"]
[LiveChessVersion "1.4.6"]

1. e4 {[%clk 1:30:56]} c5 {[%clk 1:27:31]} 2. Nf3 {[%clk 1:31:17]} d6
{[%clk 1:27:53]} 3. d4 {[%clk 1:31:24]} cxd4 {[%clk 1:28:15]} 4. Nxd4
{[%clk 1:31:50]} Nf6 {[%clk 1:28:38]} 5. Nc3 {[%clk 1:32:13]} e6 {[%clk 1:29:02]}
6. Be2 {[%clk 1:29:17]} Nc6 {[%clk 1:29:10]} 7. O-O {[%clk 1:29:41]} Be7
{[%clk 1:29:20]} 8. Be3 {[%clk 1:30:00]} O-O {[%clk 1:29:37]} 9. f4
{[%clk 1:29:50]} e5 {[%clk 1:29:44]} 10. Nb3 {[%clk 1:29:09]} exf4
{[%clk 1:29:43]} 11. Bxf4 {[%clk 1:29:15]} Be6 {[%clk 1:29:36]} 12. Kh1
{[%clk 1:29:24]} d5 {[%clk 1:28:11]} 13. exd5 {[%clk 1:28:15]} Nxd5
{[%clk 1:28:33]} 14. Nxd5 {[%clk 1:27:24]} Qxd5 {[%clk 1:27:46]} 1/2-1/2